spazma - B4REALLYEMO - Statystyki

Ogólne statystyki
  • Ten quiz został rozwiązany 13 razy
  • Średni wynik to 5 z 6
Statystyki odpowiedzi
B4REALLYEMO % Poprawnych
ZAJEBISCIE
100%
stare szmaty
91%
ZLY SEN
91%
zycie pojebane
91%
SUPERLOUD34
82%
ACEOUTMIETEK
73%
Nie znaleziono quizów pasujących do podanych kryteriów
Rozkład punktacji
Procent ludzi z każdym wynikiem
Percentyl według liczby udzielonych odpowiedzi
Twoja historia wyników
Nie rozwiązałeś tego quizu